MARC details
| 000 -CABECERA |
| campo de control de longitud fija |
01173nam a2200253 a 4500 |
| 001 - NÚMERO DE CONTROL |
| campo de control |
000034699 |
| 003 - IDENTIFICADOR DEL NÚMERO DE CONTROL |
| campo de control |
DO-SdBNP |
| 005 - FECHA Y HORA DE LA ÚLTIMA TRANSACCIÓN |
| campo de control |
20250318153654.0 |
| 008 - DATOS DE LONGITUD FIJA--INFORMACIÓN GENERAL |
| campo de control de longitud fija |
111019s1920 es 000 0 spa d |
| 040 ## - FUENTE DE LA CATALOGACIÓN |
| Centro catalogador/agencia de origen |
DO-SdBNP |
| Lengua de catalogación |
spa |
| Centro/agencia transcriptor |
BNPHU |
| 082 ## - NÚMERO DE LA CLASIFICACIÓN DECIMAL DEWEY |
| Número de clasificación |
970 |
| Número de documento/Ítem |
P437h |
| 100 1# - ENTRADA PRINCIPAL--NOMBRE DE PERSONA |
| Nombre de persona |
Pereyra, Carlos, |
| Fechas asociadas al nombre |
1871 -1942 |
| 9 (RLIN) |
60147 |
| 245 10 - MENCIÓN DE TÍTULO |
| Título |
Historia de América española / |
| Mención de responsabilidad, etc. |
Carlos Pereyra. |
| 260 ## - PUBLICACIÓN, DISTRIBUCIÓN, ETC. |
| Lugar de publicación, distribución, etc. |
Madrid : |
| Nombre del editor, distribuidor, etc. |
Editorial Saturnino Calleja, |
| Fecha de publicación, distribución, etc. |
1920. |
| 300 ## - DESCRIPCIÓN FÍSICA |
| Extensión |
8 v. : |
| Otras características físicas |
il., facsims., mapas ; |
| Dimensiones |
23 cm. |
| 504 ## - NOTA DE BIBLIOGRAFÍA, ETC. |
| Nota de bibliografía, etc. |
Incluye referencias bibliográficas y notas al pie de las páginas. |
| 505 2# - NOTA DE CONTENIDO CON FORMATO |
| Información miscelánea |
v. 1. |
| Título |
Descubrimiento y exploración del Nuevo Mundo -- |
| Información miscelánea |
v. 2. |
| Título |
El Imperio español -- |
| Información miscelánea |
v. 3. |
| Título |
Méjico -- |
| Información miscelánea |
v. 4. |
| Título |
Las Repúblicas del Plata -- |
| Información miscelánea |
v. 5. |
| Título |
Los países antillanos y la América Central -- |
| Información miscelánea |
v. 6. |
| Título |
Colombia, Venezuela, Ecuador-- |
| Información miscelánea |
v. 7 |
| Título |
Perú y Bolivia -- |
| Información miscelánea |
v. 8. |
| Título |
Chile. |
| 650 #4 - PUNTO DE ACCESO ADICIONAL DE MATERIA--TÉRMINO DE MATERIA |
| Término de materia o nombre geográfico como elemento de entrada |
Descubrimientos geográficos |
| 9 (RLIN) |
27535 |
| 650 #4 - PUNTO DE ACCESO ADICIONAL DE MATERIA--TÉRMINO DE MATERIA |
| Término de materia o nombre geográfico como elemento de entrada |
Indígenas |
| 9 (RLIN) |
33234 |
| 650 #4 - PUNTO DE ACCESO ADICIONAL DE MATERIA--TÉRMINO DE MATERIA |
| Término de materia o nombre geográfico como elemento de entrada |
Razas nativas |
| 9 (RLIN) |
60149 |
| 651 #4 - PUNTO DE ACCESO ADICIONAL DE MATERIA--NOMBRE GEOGRÁFICO |
| Nombre geográfico |
América -- |
| Subdivisión general |
Descubrimiento y exploración -- |
| -- |
Españoles |
| 9 (RLIN) |
544 |
| Subdivisión de forma |
Ensayo, conferencias, etc. |
| 651 #4 - PUNTO DE ACCESO ADICIONAL DE MATERIA--NOMBRE GEOGRÁFICO |
| Nombre geográfico |
América |
| Subdivisión general |
Vida Social Y Costumbres |
| 9 (RLIN) |
60148 |
| 942 ## - ELEMENTOS DE PUNTO DE ACCESO ADICIONAL (KOHA) |
| Fuente del sistema de clasificación o colocación |
Dewey Decimal Classification |
| Tipo de ítem Koha |
Libro |